Normal view
MARC view
- قاسم موسى ابو عيد
Entry Personal Name
001 - CONTROL NUMBER
- control field: 65653
003 - CONTROL NUMBER IDENTIFIER
- control field: JO-AjAnu
005 - DATE AND TIME OF LATEST TRANSACTION
- control field: 20240625125410.0
008 - FIXED-LENGTH DATA ELEMENTS
- fixed length control field: 240625|| aca||aabn | a|a d
040 ## - CATALOGING SOURCE
- Original cataloging agency: JO-AjAnu
100 ## - HEADING--PERSONAL NAME
- Personal name: قاسم موسى ابو عيد
- Relator term: مشرف